[Event "Extremadura-ch"]
[Site "Merida"]
[Date "2011.09.04"]
[Round "4"]
[White "Ruiz Adrian, Manuel"]
[Black "Santos Gutierrez, Carmelo"]
[Result "1-0"]
[WhiteElo "1954"]
[BlackElo "1779"]
[PlyCount "61"]
[EventDate "2011.09.03"]
[EventType "swiss"]
[EventRounds "6"]
[EventCountry "ESP"]
[SourceTitle "EXT 2014"]
[Source "ChessBase"]
[SourceDate "2013.11.20"]
[SourceVersion "1"]
[SourceVersionDate "2013.11.20"]
[SourceQuality "1"]

1. e4 c5 2. Nf3 e6 3. d4 cxd4 4. Nxd4 Bc5 5. Nb3 Be7 6. Nc3 Nc6 7. g3 Nf6 8. Bg2 0-0 9. 0-0 a6 10. Be3 d6 11. Qe2 Qc7 12. f4 g6 13. h3 Nh5 14. Qf2 Bd7 15. f5 Ne5 16. g4 Nf6 17. g5 Nh5 18. f6 Bd8 19. Rac1 Qb8 20. Ne2 Nc4 21. Ng3 Nxg3 22. Qxg3 d5 23. Qh4 Kh8 24. Qh6 Rg8 25. Rf4 Bxf6 26. Rh4 Rg7 27. gxf6 Qg8 28. fxg7+ Qxg7 29. Qxg7+ Kxg7 30. Bh6+ Kg8 31. exd5 1-0

[Event "Extremadura-chT Honor"]
[Site "Merida"]
[Date "2010.03.13"]
[Round "2"]
[White "Ruiz Adrian, Manuel"]
[Black "Fernandez Arroyo, Cesar"]
[Result "0-1"]
[WhiteElo "1979"]
[BlackElo "1747"]
[PlyCount "82"]
[EventDate "2010.03.06"]
[EventType "team"]
[EventRounds "9"]
[EventCountry "ESP"]
[SourceTitle "EXT 2014"]
[Source "ChessBase"]
[SourceDate "2013.11.20"]
[SourceVersion "1"]
[SourceVersionDate "2013.11.20"]
[SourceQuality "1"]

1. e4 e6 2. d4 d5 3. e5 c5 4. c3 Bd7 5. Nf3 Qb6 6. Be2 Nc6 7. 0-0 cxd4 8. cxd4 Nge7 9. b3 Nf5 10. Bb2 Rc8 11. Qd2 Be7 12. Rd1 0-0 13. Nc3 Nh6 14. Na4 Qd8 15. Nc5 Nxd4 16. Bxd4 Bxc5 17. Rac1 Bxd4 18. Qxd4 Qa5 19. a4 Nf5 20. Qd3 Qb4 21. h3 Qf4 22. Qd2 Qxd2 23. Nxd2 Nd4 24. Bd3 f6 25. exf6 Rxf6 26. Rxc8+ Bxc8 27. Rc1 Bd7 28. Rc7 Bc6 29. b4 a6 30. a5 g6 31. Nb1 Rf7 32. Rc8+ Rf8 33. Rc7 Rf7 34. Rc8+ Kg7 35. Nc3 e5 36. f3 Re7 37. Kf2 e4 38. fxe4 dxe4 39. Be2 e3+ 40. Kg1 Nxe2+ 41. Nxe2 Re4 0-1

[Event "Extremadura-chT"]
[Site "Spain"]
[Date "2009.01.24"]
[Round "2.1"]
[White "Garcia Romero, Benjamin Abel"]
[Black "Ruiz Adrian, Manuel"]
[Result "1-0"]
[WhiteElo "2253"]
[BlackElo "2025"]
[PlyCount "54"]
[EventDate "2009.01.17"]
[EventType "team-swiss"]
[EventRounds "9"]
[EventCountry "ESP"]
[SourceTitle "EXT 2011"]
[Source "ChessBase"]
[SourceDate "2010.11.26"]
[SourceVersion "1"]
[SourceVersionDate "2010.11.26"]
[SourceQuality "1"]
[WhiteTeam "Cibeles"]
[BlackTeam "Santa Isabel"]
[WhiteTeamCountry "ESP"]
[BlackTeamCountry "ESP"]

1. e4 d6 2. d4 Nf6 3. f3 e5 4. dxe5 dxe5 5. Qxd8+ Kxd8 6. Bc4 Ke8 7. Nc3 Bb4 8. Nge2 c6 9. Be3 Nbd7 10. Kf2 Bc5 11. Rhd1 Bxe3+ 12. Kxe3 Nc5 13. b4 Be6 14. Nd5 cxd5 15. exd5 Bxd5 16. Bxd5 Nxd5+ 17. Rxd5 Nd7 18. Rad1 Rd8 19. f4 exf4+ 20. Kxf4 Ke7 21. Nd4 g6 22. Re1+ Kf8 23. Re3 Rg8 24. Nb3 g5+ 25. Kf3 f6 26. Nc5 Kf7 27. Nxd7 b6 1-0

[Event "Extremadura-ch"]
[Site "Spain"]
[Date "2008.05.24"]
[Round "4"]
[White "Garcia Ortega Mendez, Jose Manuel"]
[Black "Ruiz Adrian, Manuel"]
[Result "1-0"]
[WhiteElo "2163"]
[BlackElo "2003"]
[PlyCount "105"]
[EventDate "2008.05.24"]
[EventType "swiss"]
[EventRounds "7"]
[EventCountry "ESP"]
[SourceTitle "EXT 2011"]
[Source "ChessBase"]
[SourceDate "2010.11.26"]
[SourceVersion "1"]
[SourceVersionDate "2010.11.26"]
[SourceQuality "1"]

1. e4 e5 2. Nf3 Nc6 3. Bc4 Bc5 4. c3 Nf6 5. d4 exd4 6. cxd4 Bb4+ 7. Nc3 d5 8. exd5 Nxd5 9. 0-0 Bxc3 10. bxc3 0-0 11. Qd3 Nce7 12. Bg5 Bf5 13. Qd2 f6 14. Bh4 Bg6 15. Bg3 c6 16. Rfe1 Qd7 17. Bb3 Bf7 18. a4 Nf5 19. a5 Nxg3 20. hxg3 Rfe8 21. c4 Nc7 22. Qb4 Na6 23. Qc3 Rxe1+ 24. Nxe1 Re8 25. Rd1 Qc7 26. Nc2 Re7 27. Ne3 Rd7 28. Bc2 Qd8 29. Bf5 Rc7 30. Qd3 g6 31. Bg4 h5 32. Bf3 Rd7 33. Qc3 c5 34. Bd5 Kg7 35. dxc5 Nxc5 36. Qd4 b6 37. axb6 Qxb6 38. g4 Ne6 39. Qxb6 axb6 40. gxh5 gxh5 41. Rb1 Nd8 42. Rxb6 Bg6 43. Kh2 Rc7 44. Kg3 Nf7 45. Rb7 Rc5 46. Rb5 Rc7 47. c5 Kf8 48. c6 Nd8 49. Rb7 Rxc6 50. Bxc6 Nxc6 51. Nd5 f5 52. Kf4 Bf7 53. Ne3 1-0

[Event "Extremadura-chT"]
[Site "Spain"]
[Date "2008.02.16"]
[Round "5.2"]
[White "Gomez Gomez, Francisco Javier"]
[Black "Ruiz Adrian, Manuel"]
[Result "0-1"]
[WhiteElo "2104"]
[BlackElo "1974"]
[PlyCount "82"]
[EventDate "2008.01.19"]
[EventType "team-swiss"]
[EventRounds "9"]
[EventCountry "ESP"]
[SourceTitle "EXT 2011"]
[Source "ChessBase"]
[SourceDate "2010.11.26"]
[SourceVersion "1"]
[SourceVersionDate "2010.11.26"]
[SourceQuality "1"]
[WhiteTeam "Albatros"]
[BlackTeam "Santa Isabel"]
[WhiteTeamCountry "ESP"]
[BlackTeamCountry "ESP"]

1. d4 Nf6 2. Bg5 d6 3. Bxf6 exf6 4. g3 Be7 5. Bg2 0-0 6. c4 Re8 7. e3 Bf8 8. Nc3 c6 9. Nge2 Na6 10. 0-0 Qa5 11. Nf4 Bd7 12. a3 Qg5 13. b4 Nc7 14. Qb3 Rab8 15. Rfd1 Ne6 16. Nce2 Nxf4 17. Nxf4 Bg4 18. Rd2 h5 19. h3 Bd7 20. h4 Qh6 21. Qd1 Bg4 22. Bf3 Bxf3 23. Qxf3 g6 24. d5 Rbc8 25. Rad1 c5 26. Rc1 b6 27. Nd3 f5 28. bxc5 bxc5 29. Rb2 Rb8 30. Rb5 Qg7 31. Qd1 Qf6 32. Qb3 Rxb5 33. cxb5 Bh6 34. a4 Qd8 35. Nb2 g5 36. hxg5 Qxg5 37. Nc4 Qg6 38. Kh2 h4 39. Rg1 Kh7 40. f3 hxg3+ 41. Rxg3 Bf4 0-1

[Event "Extremadura-chT"]
[Site "Spain"]
[Date "2008.01.19"]
[Round "1.2"]
[White "Ruiz Adrian, Manuel"]
[Black "Elviro Vivas, Fernando"]
[Result "1-0"]
[WhiteElo "1974"]
[BlackElo "1729"]
[PlyCount "100"]
[EventDate "2008.01.19"]
[EventType "team-swiss"]
[EventRounds "9"]
[EventCountry "ESP"]
[SourceTitle "EXT 2011"]
[Source "ChessBase"]
[SourceDate "2010.11.26"]
[SourceVersion "1"]
[SourceVersionDate "2010.11.26"]
[SourceQuality "1"]
[WhiteTeam "Santa Isabel"]
[BlackTeam "Ateneo Cacereno III"]
[WhiteTeamCountry "ESP"]
[BlackTeamCountry "ESP"]

1. e4 c5 2. Nf3 e6 3. d4 cxd4 4. Nxd4 Nf6 5. Nc3 Nc6 6. Nxc6 bxc6 7. Bd3 d5 8. Qe2 d4 9. Nb1 g6 10. Bd2 Qb6 11. b3 Bg7 12. 0-0 0-0 13. a4 a5 14. Na3 Ba6 15. Nc4 Bxc4 16. Bxc4 Nd7 17. Rad1 c5 18. f4 Rfe8 19. Rf3 Nf8 20. Qf2 Qb7 21. Re1 Re7 22. f5 exf5 23. Bd5 Qa7 24. Bxa8 Qxa8 25. exf5 Ra7 26. f6 Bh8 27. Re7 Ne6 28. Rxa7 Qxa7 29. Qe2 d3 30. cxd3 Qd7 31. Qe4 Qd8 32. Qe5 Qd4+ 33. Qxd4 Nxd4 34. Rf1 Kf8 35. Bxa5 Ke8 36. Bb6 Nxb3 37. a5 Kd7 38. g4 Kc6 39. g5 Nd4 40. Kf2 h6 41. h4 Ne6 42. Rh1 Nf4 43. Kf3 Ne6 44. Kg4 Nd4 45. Rc1 Kb7 46. Rxc5 Ne6 47. Rc4 Kb8 48. a6 Nf8 49. Rc7 Ne6 50. Rxf7 hxg5 1-0

[Event "Extremadura-ch"]
[Site "Badajoz"]
[Date "2007.06.02"]
[Round "2"]
[White "Ruiz Adrian, Manuel"]
[Black "Figuero Toro, Julian Francisco"]
[Result "0-1"]
[WhiteElo "2079"]
[BlackElo "2249"]
[PlyCount "44"]
[EventDate "2007.06.02"]
[EventType "swiss"]
[EventRounds "7"]
[EventCountry "ESP"]
[SourceTitle "EXT 2008"]
[Source "ChessBase"]
[SourceDate "2007.11.25"]
[SourceVersion "1"]
[SourceVersionDate "2007.11.25"]
[SourceQuality "1"]

1. e4 c5 2. Nf3 Nc6 3. Bb5 g6 4. 0-0 Bg7 5. Re1 e5 6. c3 Nge7 7. d4 cxd4 8. cxd4 exd4 9. Nbd2 0-0 10. Nb3 d5 11. Bg5 h6 12. Bxe7 Nxe7 13. Nfxd4 dxe4 14. Rxe4 a6 15. Bf1 Nf5 16. Nxf5 Bxf5 17. Re2 Qb6 18. h3 a5 19. Rd2 Rfd8 20. g4 Be6 21. Bg2 a4 22. Bxb7 Rxd2 0-1

[Event "Extremadura-chT"]
[Site "Spain"]
[Date "2007.02.24"]
[Round "6.1"]
[White "Ruiz Adrian, Manuel"]
[Black "Sastre Silos, Oscar"]
[Result "0-1"]
[WhiteElo "2087"]
[BlackElo "2147"]
[PlyCount "50"]
[EventDate "2007.01.20"]
[EventType "team-swiss"]
[EventRounds "7"]
[EventCountry "ESP"]
[SourceTitle "EXT 2011"]
[Source "ChessBase"]
[SourceDate "2010.11.26"]
[SourceVersion "1"]
[SourceVersionDate "2010.11.26"]
[SourceQuality "1"]
[WhiteTeam "Santa Isabel"]
[BlackTeam "Cibeles"]
[WhiteTeamCountry "ESP"]
[BlackTeamCountry "ESP"]

1. e4 d6 2. d4 Nf6 3. Nc3 g6 4. Nf3 Bg7 5. Be2 0-0 6. 0-0 c6 7. a4 Qc7 8. Bf4 Nh5 9. Bg5 h6 10. Be3 e5 11. Qd2 Kh7 12. d5 f5 13. exf5 Bxf5 14. Nh4 Nf6 15. Nxf5 gxf5 16. f3 cxd5 17. Nxd5 Nxd5 18. Qxd5 Nc6 19. c3 Ne7 20. Qd2 d5 21. f4 d4 22. cxd4 exd4 23. Rae1 dxe3 24. Qb4 Nc6 25. Qc5 Qb6 0-1